000 01195nam a2200373 a 4500
001 22980
003 SK-KTurca
005 20260513094521.0
008 240313s1998 xo a r y slo
015 _aSNBA1998/09-03379
020 _a8071184276
035 _aSNK000281724
035 _aurn:nbn:sk:snk-amkhmp
035 _aurn:nbn:sk:snk-am008gpr
035 _aB3FE88AF-4576-44FB-B7B0-AE5223EBA5A7
040 _aSNK
_bslo
_cSNK
_eAACR2
041 0 _aslo
044 _axo
_cSK
080 _a613.24:615.851.1(035)
080 _a615.851.1(035)
100 1 _aHerzog, Dagmar
_4aut
240 1 0 _aMentales Schlankheitstraining
_lSlovensky
245 1 0 _aDuševným tréningom k štíhlej línii
_cDagmar Herzogová ; [z nemeckého originálu preložila Ľubica Pavelková-Belohradská]
260 _aBratislava
_bIkar
_c1998
300 _a143 s.
_c21 cm
500 _aÚdaj o prekl. prevzatý z rubu tit. strany
504 _aBibliogr. s. 144
650 0 7 _aobezita
_2SNKPH
650 0 7 _aduševný tréning
_2SNK
655 7 _apríručky
_2SNKPH
700 1 _aPaveleková-Belohradská, Ľubica
_4trl
942 _2ddc
_cOLDO
_n0
999 _c22980
_d22980